| 000 | 01308nam a2200217Ia 4500 | ||
|---|---|---|---|
| 003 | OSt | ||
| 005 | 20250206102915.0 | ||
| 007 | ca aa aaaaa | ||
| 008 | 201103s9999 xx 000 0 und d | ||
| 040 | _cSSBUL | ||
| 041 | _abur | ||
| 082 |
_223 _a၂၉၄.၃၆၅၇ မ _b၉၁၈၃(၁) S-SAT |
||
| 245 | 0 | _aမဟာဝိသုဒ္ဓါရုံ(ပါဠိတက္ကသိုလ်)ရွှေကျင်ကျောင်းတိုက်၊ နှစ်(၄၀)သမိုင်းမှတ်တမ်း။ | |
| 260 |
_aရန်ကုန် ၊ _bဆွမ်းကွမ်းဝေယျာဝစ္စအဖွဲ့မဟာဝိသုဒ္ဓါရုံ(ပါဠိတက္ကသိုလ်)၊ _c၁၉၉၉။ |
||
| 300 |
_a၁၃၂ စာမျက်နှာ ၊ _bဓါတ်ပုံများ ၊ _c၂၄ စင်တီ။ |
||
| 500 | _aS-SAT: Dr. Sai Aung Tun | ||
| 650 |
_aမဟာဝိသုဒ္ဓါရုံ(ပါဠိတက္ကသိုလ်) - ရန်ကုန်၊ _955365 |
||
| 650 |
_aဗုဒ္ဓဘာသာဘုန်းတော်ကြီးကျောင်း၊ _945721 |
||
| 650 |
_aဘုန်းတော်ကြီးကျောင်း - မြန်မာနိုင်ငံ။ _957344 |
||
| 942 |
_2ddc _cBK1 |
||
| 999 |
_c16735 _d16735 |
||